Statistics for F1 Driver Numbers

Click here to take the quiz!

General Stats

  • This quiz has been taken 88 times
  • The average score is 24 of 25

Answer Stats

HintAnswer% Correct
Max Verstappen1 | 33
100%
Charles Leclerc16
100%
Lando Norris4
100%
Lewis Hamilton44
100%
Sebastian Vettel5
99%
Nicholas Latifi6
99%
Daniel Ricciardo3
97%
Kimi Raikkonen7
97%
Sergio Perez11
96%
Yuki Tsunoda22
96%
Carlos Sainz55
96%
Valterri Bottas77
96%
Nikita Mazepin9
96%
Pierre Gasly10
95%
Fernando Alonso14
93%
Esteban Ocon31
93%
Romain Grosjean8
93%
Lance Stroll18
92%
Alex Albon23
91%
Kevin Magnussen20
89%
George Russell63
89%
Antonio Giovinazzi99
89%
Guanyu Zhou24
88%
Nico Hulkenberg27
88%
Mick Schumacher47
86%

Score Distribution

Percentile by Number Answered

Percent of People with Each Score

Your Score History

You have not taken this quiz